02388nam a2200229Ia 4500008004100000020001500041050002100056245009800077260006500175300001900240336001000259337001500269338001200284505155700296519004301853650004301896650003701939700004601976942000702022952011202029999001702141120625s2004 mx 000 0 spa d a968507481X 4aHV6250.3M6 bD4710aDerechos humanos y víctimas del delito b: tomo IIc/ coordinador, Mario Álvarez Ledesma.3 aMéxico b: Instituto Nacional de Ciencias Penalesc, 2004. a401 páginas. aTexto aSin medio  aVolumen1 aLas víctimas del delito: nuevo enfoque de sus derechos en la procuración de justicia (por: María de la Luz Lima Malvido Los derechos de las víctimas en el procedimiento penal (por: Dante López Medrano) La víctima, esa gran olvidada (por: Enrique Múgica Herzog) Los derechos de las víctimas del abuso de poder (por: Pilar Noriega García) La postura del ofendido o la víctima del delito y los recursos en materia penal (por: Emilio Peña Rangel) Derecho y revés: un acercamiento al mundo victimal infantil (por: Pedro José Peñaloza y Enrique Ramírez Gómez) Los derechos humanos y las víctimas del delito en el procedimiento penal (por: Raúl Plascencia Villanueva) La víctima del delito en el ámbito internacional (por: Alejandro Ramos Flores) Hacia una protección integral de las víctimas del delito (por: Mirreille Roccatti) La víctima del delito: hacia una justicia restitutiva (por: Gabriela Saavedra García) La víctimas de la delincuencia organizada (José Luis Santiago Vasconcelos) La protección integral de los Derechos Humanos, premisa del Estado democrático de Derecho (por: Ricardo J. Sepúlveda Iguíniz) La víctima del delito y su defensa (por: Alejandro Tomasini Bassols) Memorándum sobre la posición de la víctima en los procesos penales (por: L.JM. Tonino) Análisis de la víctima (por: Carlos Javier Vega Memije) Prevención de la violencia familiar: víctimas. Análisis de la ley de violencia familiar y procuración de justicia (por:Bárbara Yllán Rondero)  aMaterial complementario /d(04 000719)14aVÍCTIMAS DEL DELITOzMÉXICO94358824aDERECHOS HUMANOSzMÉXICO914041 aÁlvarez Ledesma, Mario I.eautor943589 cLB 00104070a04b04d2007-06-12l34m3oHV6250.3M6 D47p04 000719r2024-06-04s2022-10-10t1w2012-06-24yLB c61833d61833